Contabilidade de custos : (Record no. 1045)

MARC details
000 -LÍDER
Campo Fixo de Controle 00796nam a2200241 a 4500
001 - NÚMERO DE CONTROLE
Campo de Controle 1045
003 - IDENTIFICAÇÃO DO NÚMERO DE CONTROLE
Campo de Controle BR-CuiBMT
005 - DATA E HORA DA ÚLTIMA ATUALIZAÇÃO
Campo de Controle 20231127210556.0
008 - DADOS FIXOS
Dados Fixos 231127s2001 spba 000 0 por d
020 ## - INTERNATIONAL STANDARD BOOK NUMBER
Nº do ISBN 8522429804
040 ## - AGÊNCIA CATALOGADORA
Código da Agência Catalogadora BR-CuiBMT
Agência que transcreveu o registro BR-CuiBMT
080 ## - Nº DA CLASSIFICAÇÃO DECIMAL UNIVERSAL
Nº edição CDU 2007
Nº Class. CDU 657.47
090 ## - NÚMERO DE CHAMADA
Nº classificação 657.47
Cutter M214c
100 1# - ENTRADA PRINCIPAL -- AUTOR PESSOAL
Nome pessoal Maher, Michael
Datas associadas ao nome 1946-
240 10 - TÍTULO UNIFORME/ORIGINAL
Título original Cost accounting : creating value for management /
Idioma da publicação Inglês
245 10 - TÍTULO PRINCIPAL
Título principal Contabilidade de custos :
Subtítulo criando valor para a administração /
Indicação de responsabilidade Michael Maher ; Tradução: José Evaristo dos Santos.
260 ## - PUBLICAÇÃO, DISTRIBUIÇÃO, ETC.
Local de publicação São Paulo :
Editora Atlas,
Data 2001.
300 ## - DESCRIÇÃO FÍSICA
N. páginas ou volumes 905 p. :
Ilustrações il. color. ;
Dimensões 28 cm
504 ## - NOTA DE BIBLIOGRAFIA, ETC.
Nota de bibliografia Inclui bibliografia.
650 ## - ASSUNTO TÓPICO
Cabeçalho tópico ou nome geográfico Contabilidade de custos
700 1# - ENTRADA SECUNDÁRIA -- NOME PESSOAL
Nome pessoal Santos, José Evaristo dos
Datas associadas ao nome 1943-
Termo de relação trad.
942 ## - ELEMENTOS DE ENTRADA ADICIONAIS (KOHA)
Fonte de classificação ou esquema de arquivamento Classificação Decimal Universal
Tipo de item do Koha Livros
Holdings
Estado: removido Estado: perdido Fonte de classificação ou esquema de arquivamento Estado: danificado Indisponível para empréstimo Localização permanente Localização atual Data de aquisição Total Checkouts Número de Chamada completo Código de barras Date last seen Número do exemplar Preço efetivo a partir de Tipo de item (Koha)
    Classificação Decimal Universal     Biblioteca da Escola Superior de Contas do TCE/MT Biblioteca da Escola Superior de Contas do TCE/MT 27/11/2023   657.47 M214c BIBTCEMT23111169 27/11/2023 Ex. 1 27/11/2023 Livros
    Classificação Decimal Universal     Biblioteca da Escola Superior de Contas do TCE/MT Biblioteca da Escola Superior de Contas do TCE/MT 28/11/2023   657.47 M214c BIBTCEMT23111236 28/11/2023 Ex. 2 28/11/2023 Livros

Powered by Koha